[Event "British Chess Championships 2023: "]
[Site "The Venue, De Montfort University, 20 Western Boulevard, Leicester, LE2 7BU"]
[Date "2023.07.21"]
[Round "1"]
[Board "1"]
[White "Gunarathne, Senith"]
[Black "Coles, Rob"]
[Result "1-0"]
[WhiteElo "1739"]
[BlackElo "1600"]
[PlyCount "71"]
[EventDate "2023.07.21"]
[EventRounds "5"]
[EventCountry "ENG"]

1. e4 c5 2. Nf3 d6 3. d4 cxd4 4. Nxd4 Nf6 5. Nc3 g6 6. Be3 Bg7 7. f3 O-O 8. Qd2 Nc6
9. Bc4 Bd7 10. O-O-O a6 11. g4 Rc8 12. Bb3 Ne5 13. Kb1 b5 14. h4 Nc4 15. Bxc4 Rxc4
16. h5 e5 17. Nf5 gxf5 18. gxf5 Ne8 19. Rhg1 Kh8 20. Bh6 Rg8 21. Qg2 Qe7 22. f6 Qxf6
23. Bg5 Qe6 24. Nd5 f6 25. Bh4 h6 26. Qd2 Rd4 27. Qc1 Rxd1 28. Rxd1 Rf8 29. Rg1 Qf7
30. Rg6 Be6 31. Nxf6 Nxf6 32. Bxf6 Bxf6 33. Qxh6+ Qh7 34. Qxf8+ Bg8 35. Qxf6+ Qg7
36. Qxg7#  1-0

[Event "British Chess Championships 2023: "]
[Site "The Venue, De Montfort University, 20 Western Boulevard, Leicester, LE2 7BU"]
[Date "2023.07.21"]
[Round "1"]
[Board "2"]
[White "Gorskovs, Andrejs"]
[Black "Acibar, Arnold"]
[Result "0-1"]
[WhiteElo "1599"]
[BlackElo "1722"]
[PlyCount "134"]
[EventDate "2023.07.21"]
[EventRounds "5"]
[EventCountry "ENG"]

1. e4 e6 2. d4 d5 3. e5 c5 4. c3 Qb6 5. Nf3 Nc6 6. a3 cxd4 7. cxd4 Nge7 8. b4 Nf5
9. Bb2 Be7 10. Bd3 Ncxd4 11. Nxd4 Nxd4 12. Bxd4 Qd8 13. Qa4+ Kf8 14. O-O Bd7 15.
Qb3 g6 16. Nc3 Rc8 17. Rac1 Kg7 18. g3 a6 19. Na4 Bxa4 20. Qxa4 h5 21. h4 Rxc1 22.
Rxc1 Bxh4 23. gxh4 Qxh4 24. Be3 d4 25. Bd2 Qg4+ 26. Kf1 Qh3+ 27. Ke2 Qg4+ 28. Ke1
h4 29. Qd1 Qg1+ 30. Bf1 Rh5 31. Bf4 h3 32. Qxd4 h2 33. Bxh2 Qxh2 34. Rc3 Rh4 35.
Qe3 Rh5 36. f4 Qb2 37. Qd2 Qb1+ 38. Kf2 Qe4 39. Bg2 Qf5 40. Bxb7 Rh4 41. Rc4 Rh2+
42. Bg2 Rh4 43. Qe3 Qb1 44. Kg3 Rh8 45. Qc1 Qf5 46. Qc3 Qh5 47. Kf2 Qd1 48. Qc1 Qd3
49. Qc3 Qd1 50. Rd4 Qb1 51. Bf3 Qa2+ 52. Rd2 Qb1 53. Ke3 Qe1+ 54. Kd3 Qb1+ 55. Qc2
Qf1+ 56. Ke4 Qe1+ 57. Re2 Qa1 58. Qd3 Rh4 59. Qxa6 Qc1 60. Re3 Qd2 61. Qd6 Qh2 62.
Kd3 Rxf4 63. b5 Qb2 64. b6 Ra4 65. Qc5 Rxa3+ 66. Ke4 Ra4+ 67. Kd3 Qb1+  0-1

[Event "British Chess Championships 2023: "]
[Site "The Venue, De Montfort University, 20 Western Boulevard, Leicester, LE2 7BU"]
[Date "2023.07.21"]
[Round "1"]
[Board "3"]
[White "Sargeant, Christopher"]
[Black "Rao, Shree"]
[Result "0-1"]
[WhiteElo "1714"]
[BlackElo "1599"]
[PlyCount "62"]
[EventDate "2023.07.21"]
[EventRounds "5"]
[EventCountry "ENG"]

1. d4 Nf6 2. c4 g6 3. Nf3 Bg7 4. Nc3 d5 5. e3 O-O 6. c5 Nc6 7. Bb5 Bd7 8. Bxc6 Bxc6
9. Ne5 Bd7 10. Nxd7 Qxd7 11. b4 a6 12. a4 c6 13. O-O Rfe8 14. Re1 Qf5 15. Bb2 Ne4
16. Nxe4 dxe4 17. Qd2 Rad8 18. Qc2 Rd5 19. Rad1 Qe6 20. Rd2 Rg5 21. Rc1 Rd8 22. Qd1
Rdd5 23. f4 exf3 24. Qxf3 Rdf5 25. Qe2 Rh5 26. Bc3 Bh6 27. Rd3 Rfg5 28. Kh1 Rg4 29.
Be1 Bf4 30. h3 Rxh3+ 31. Kg1 Rxe3  0-1

[Event "British Chess Championships 2023: "]
[Site "The Venue, De Montfort University, 20 Western Boulevard, Leicester, LE2 7BU"]
[Date "2023.07.21"]
[Round "1"]
[Board "4"]
[White "Taylor, Stephen A"]
[Black "Lambert, Martin"]
[Result "1-0"]
[WhiteElo "1597"]
[BlackElo "1694"]
[PlyCount "59"]
[EventDate "2023.07.21"]
[EventRounds "5"]
[EventCountry "ENG"]

1. Nf3 Nf6 2. d4 d5 3. g3 g6 4. Bg2 Bg7 5. O-O O-O 6. c4 c6 7. Nc3 Nbd7 8. cxd5 cxd5
9. Bf4 a6 10. Rc1 e6 11. Qd2 b5 12. a3 Nb6 13. b3 Qe7 14. Nb1 Ra7 15. Ne5 Bb7 16.
Nc6 Bxc6 17. Rxc6 Nfd7 18. Bd6 Qd8 19. Bxf8 Bxf8 20. Rfc1 Nb8 21. R6c2 Bd6 22. e4
Kg7 23. exd5 exd5 24. h4 Qe7 25. Re1 Qf8 26. h5 f5 27. h6+ Kf7 28. Nc3 Bxa3 29. Nxd5
N8d7 30. Qe3  1-0

[Event "British Chess Championships 2023: "]
[Site "The Venue, De Montfort University, 20 Western Boulevard, Leicester, LE2 7BU"]
[Date "2023.07.21"]
[Round "1"]
[Board "5"]
[White "Harrison, Oliver"]
[Black "Daly, Grant"]
[Result "1/2-1/2"]
[WhiteElo "1693"]
[BlackElo "1596"]
[PlyCount "97"]
[EventDate "2023.07.21"]
[EventRounds "5"]
[EventCountry "ENG"]

1. e4 c5 2. Nf3 d6 3. c3 Nf6 4. Be2 Nc6 5. d4 cxd4 6. cxd4 e6 7. d5 exd5 8. exd5
Qa5+ 9. Nc3 Ne7 10. Bc4 Ng6 11. O-O Be7 12. Re1 O-O 13. Bd3 Bd8 14. Bxg6 fxg6 15.
Bf4 Qb6 16. Qb3 Ne8 17. Qa4 Nf6 18. Rac1 Bd7 19. Qa3 Ne8 20. Re4 a5 21. Be3 Qa6 22.
Nd4 b5 23. b4 a4 24. Ne6 Rf7 25. Ne2 Bb6 26. Bxb6 Qxb6 27. N2d4 Nf6 28. Re2 Nxd5
29. Qb2 Nf4 30. Nxf4 Rxf4 31. Re7 Qxd4 32. Qxd4 Rxd4 33. Rxd7 Rxb4 34. Rxd6 Rc4 35.
Rxc4 bxc4 36. Rc6 Rb8 37. g4 Rb4 38. h3 a3 39. Kg2 Rb2 40. Rxc4 Rxa2 41. Ra4 h5 42.
Kg3 Ra1 43. f3 a2 44. Kf4 hxg4 45. hxg4 Kh7 46. Kg5 Rf1 47. Rxa2 Rxf3 48. Rh2+ Kg8
49. Kxg6  1/2-1/2

[Event "British Chess Championships 2023: "]
[Site "The Venue, De Montfort University, 20 Western Boulevard, Leicester, LE2 7BU"]
[Date "2023.07.21"]
[Round "1"]
[Board "6"]
[White "Morris, Nigel W"]
[Black "Ganti, Shriaansh"]
[Result "0-1"]
[WhiteElo "1596"]
[BlackElo "1689"]
[PlyCount "90"]
[EventDate "2023.07.21"]
[EventRounds "5"]
[EventCountry "ENG"]

1. d4 Nf6 2. c4 e6 3. Nc3 Bb4 4. e3 d5 5. Nge2 O-O 6. a3 Be7 7. Nf4 b6 8. Bd3 dxc4
9. Bxc4 Bb7 10. O-O Bd6 11. Nb5 Bxf4 12. exf4 a6 13. Nc3 b5 14. Bd3 Nbd7 15. Be3
Qe7 16. b4 Rfd8 17. Qe2 Nb6 18. f3 Nfd5 19. Nxd5 Nxd5 20. Bd2 Qd6 21. g3 Qb6 22.
Qf2 Qd6 23. Rfc1 Nb6 24. Be3 Bd5 25. Rd1 Bc4 26. Be4 Nd5 27. Bxd5 Bxd5 28. Rac1 Bc4
29. Qc2 a5 30. Rb1 axb4 31. axb4 Ra4 32. Qb2 Qd5 33. Qf2 Rda8 34. Rd2 h6 35. Rdb2
Ra2 36. Rxa2 Rxa2 37. Rb2 Ra1+ 38. Kg2 Bf1+ 39. Qxf1 Rxf1 40. Kxf1 Qxf3+ 41. Bf2
Qc3 42. Re2 Qxb4 43. Kg2 Qc4 44. Kf3 b4 45. Be3 b3  0-1

[Event "British Chess Championships 2023: "]
[Site "The Venue, De Montfort University, 20 Western Boulevard, Leicester, LE2 7BU"]
[Date "2023.07.21"]
[Round "1"]
[Board "7"]
[White "Jones, Dixon H"]
[Black "Pride, Stephen C"]
[Result "0-1"]
[WhiteElo "1688"]
[BlackElo "1584"]
[PlyCount "114"]
[EventDate "2023.07.21"]
[EventRounds "5"]
[EventCountry "ENG"]

1. d4 d5 2. c4 c6 3. e3 Bf5 4. Nc3 e6 5. Nf3 Nd7 6. Bd3 Bxd3 7. Qxd3 Ngf6 8. O-O
Be7 9. Bd2 O-O 10. Rfd1 Qc7 11. h3 Rad8 12. Rac1 Qb8 13. cxd5 exd5 14. e4 dxe4 15.
Nxe4 Rfe8 16. g3 Nxe4 17. Qxe4 Nf6 18. Qb1 h6 19. Ba5 Rd5 20. Be1 Bd6 21. Kg2 Re2
22. Qd3 Qe8 23. Rd2 Rxd2 24. Nxd2 Qe6 25. f3 Bc7 26. Bf2 Bb6 27. Re1 Qd7 28. Ne4
Bxd4 29. Bxd4 Rxd4 30. Nxf6+ gxf6 31. Qe3 Rd2+ 32. Re2 Rxe2+ 33. Qxe2 Qe6 34. Qxe6
fxe6 35. f4 Kf7 36. Kf3 h5 37. Ke4 Kg6 38. h4 c5 39. f5+ Kf7 40. fxe6+ Kxe6 41. Kf4
b5 42. g4 hxg4 43. Kxg4 Kf7 44. Kf5 a5 45. h5 c4 46. h6 b4 47. Ke4 c3 48. bxc3 bxc3
49. Kd3 Kg6 50. h7 Kxh7 51. Kxc3 Kg6 52. Kd4 Kf5 53. Ke3 Ke5 54. Kf3 Kd4 55. Kf4
Kc3 56. Kf5 a4 57. Kxf6 Kb2  0-1

[Event "British Chess Championships 2023: "]
[Site "The Venue, De Montfort University, 20 Western Boulevard, Leicester, LE2 7BU"]
[Date "2023.07.21"]
[Round "1"]
[Board "8"]
[White "Ball, Charlie J"]
[Black "Clare, Steve"]
[Result "1-0"]
[WhiteElo "1578"]
[BlackElo "1684"]
[PlyCount "63"]
[EventDate "2023.07.21"]
[EventRounds "5"]
[EventCountry "ENG"]

1. e4 d5 2. exd5 Nf6 3. Nf3 Nxd5 4. b3 Nc6 5. Bb2 Qd6 6. Be2 Nf4 7. g3 Nxe2 8. Qxe2
Bg4 9. h3 Bh5 10. g4 Bg6 11. d3 O-O-O 12. Nc3 h5 13. O-O-O f6 14. Rhe1 hxg4 15. hxg4
Qf4+ 16. Nd2 Nd4 17. Qe3 Qxg4 18. Rg1 Qf5 19. Nce4 e5 20. Rdf1 Bh5 21. Ng3 Qf4 22.
Bxd4 Qxd4 23. Qxd4 Rxd4 24. Rh1 g6 25. Nde4 Bg7 26. Nxh5 gxh5 27. Rfg1 Bh6+ 28. Kb2
Bf4 29. Nxf6 h4 30. Rh3 Bd2 31. Ne4 Bb4 32. c3  1-0

[Event "British Chess Championships 2023: "]
[Site "The Venue, De Montfort University, 20 Western Boulevard, Leicester, LE2 7BU"]
[Date "2023.07.21"]
[Round "1"]
[Board "9"]
[White "Schmerwitz, Reinhard"]
[Black "Usher, Frank"]
[Result "1-0"]
[WhiteElo "1683"]
[BlackElo "1570"]
[PlyCount "65"]
[EventDate "2023.07.21"]
[EventRounds "5"]
[EventCountry "ENG"]

1. e4 c5 2. Nf3 Nc6 3. d4 cxd4 4. Nxd4 e5 5. Nb5 d6 6. c4 a6 7. N5c3 Be7 8. Be3 Bg5
9. Bxg5 Qxg5 10. Nd5 Qd8 11. Nbc3 Nge7 12. Be2 O-O 13. O-O f5 14. Nxe7+ Nxe7 15.
Nd5 fxe4 16. Nxe7+ Qxe7 17. Qd5+ Be6 18. Qxe4 Rf4 19. Qc2 Rc8 20. b3 d5 21. Qb2 d4
22. g3 Qg5 23. Kh1 Bh3 24. Bd3 Rcf8 25. Qe2 Bxf1 26. Rxf1 R4f6 27. Be4 b6 28. Bg2
Rd8 29. Bd5+ Kf8 30. Re1 Rxd5 31. cxd5 Qf5 32. f4 exf4 33. Qe8#  1-0

[Event "British Chess Championships 2023: "]
[Site "The Venue, De Montfort University, 20 Western Boulevard, Leicester, LE2 7BU"]
[Date "2023.07.21"]
[Round "1"]
[Board "10"]
[White "Agnihotri, Aaryan"]
[Black "Meredith, Daniel"]
[Result "1-0"]
[WhiteElo "1564"]
[BlackElo "1681"]
[PlyCount "53"]
[EventDate "2023.07.21"]
[EventRounds "5"]
[EventCountry "ENG"]

1. e4 c5 2. Nf3 d6 3. d4 cxd4 4. Nxd4 Nf6 5. Nc3 g6 6. Be2 Bg7 7. O-O Nc6 8. Be3
O-O 9. Rb1 d5 10. Nxd5 Nxd5 11. exd5 Qxd5 12. c4 Qd7 13. Nxc6 Qxc6 14. b4 Bf5 15.
Rb3 Rfd8 16. Qc1 a6 17. Bf3 Qc7 18. Bf4 e5 19. Bg5 Rd4 20. Bd5 Rc8 21. Be3 Rd3 22.
Rxd3 Bxd3 23. Rd1 Bxc4 24. Bxc4 Qxc4 25. Qxc4 Rxc4 26. Rd8+ Bf8 27. Bh6  1-0

[Event "British Chess Championships 2023: "]
[Site "The Venue, De Montfort University, 20 Western Boulevard, Leicester, LE2 7BU"]
[Date "2023.07.21"]
[Round "1"]
[Board "11"]
[White "Lawrence, Simon"]
[Black "Ananyev, Yaroslav"]
[Result "1/2-1/2"]
[WhiteElo "1678"]
[BlackElo "1564"]
[PlyCount "67"]
[EventDate "2023.07.21"]
[EventRounds "5"]
[EventCountry "ENG"]

1. e4 c5 2. Nc3 g6 3. f4 Bg7 4. Nf3 d6 5. Bc4 e6 6. O-O Ne7 7. d3 O-O 8. Qe1 Nbc6
9. Qh4 d5 10. Bb3 Nd4 11. Nxd4 Bxd4+ 12. Kh1 b6 13. Ne2 Bg7 14. c3 Bb7 15. Bc2 Nc8
16. Qxd8 Rxd8 17. e5 Ne7 18. d4 Ba6 19. Rf2 Rac8 20. Be3 Bh6 21. g3 Rc7 22. Ng1 Bb7
23. Nf3 Rdc8 24. Rd1 Bf8 25. Kg1 Kh8 26. Kh1 Ng8 27. Kg1 Nh6 28. h3 Be7 29. g4 b5
30. g5 Ng8 31. dxc5 Bxc5 32. Bxc5 Rxc5 33. Bb1 a5 34. Nd4  1/2-1/2

[Event "British Chess Championships 2023: "]
[Site "The Venue, De Montfort University, 20 Western Boulevard, Leicester, LE2 7BU"]
[Date "2023.07.21"]
[Round "1"]
[Board "12"]
[White "Osborne, Paul J"]
[Black "Oliveri, Omar"]
[Result "1-0"]
[WhiteElo "1544"]
[BlackElo "1664"]
[PlyCount "47"]
[EventDate "2023.07.21"]
[EventRounds "5"]
[EventCountry "ENG"]

1. e4 e5 2. Nf3 Nc6 3. d4 exd4 4. Nxd4 Bc5 5. Be3 Nxd4 6. Bxd4 Bxd4 7. Qxd4 Qf6 8.
e5 Qg6 9. Qc3 c6 10. Nd2 Ne7 11. Nf3 O-O 12. Qd3 Re8 13. O-O-O b5 14. h4 Nd5 15.
Qxg6 hxg6 16. h5 gxh5 17. Rxh5 Nf4 18. Rh4 Ng6 19. Rh2 Re7 20. Bd3 Bb7 21. Rdh1 c5
22. Bxg6 fxg6 23. Rh8+ Kf7 24. Ng5#  1-0

[Event "British Chess Championships 2023: "]
[Site "The Venue, De Montfort University, 20 Western Boulevard, Leicester, LE2 7BU"]
[Date "2023.07.21"]
[Round "1"]
[Board "14"]
[White "Ananyev, Miron"]
[Black "Dias, Ruwan"]
[Result "0-1"]
[WhiteElo "1525"]
[BlackElo "1660"]
[PlyCount "62"]
[EventDate "2023.07.21"]
[EventRounds "5"]
[EventCountry "ENG"]

1. d4 d5 2. Nf3 Bf5 3. e3 Nf6 4. Bd3 Bg6 5. Nbd2 e6 6. Ne5 Nbd7 7. Nxg6 hxg6 8. e4
c5 9. dxc5 Bxc5 10. b3 Bd4 11. Rb1 Qb6 12. Qe2 Ne5 13. Bb2 Bxb2 14. Rxb2 Qd4 15.
Rb1 Neg4 16. h3 dxe4 17. Nxe4 Nxe4 18. Bxe4 Nxf2 19. Qxf2 Qxe4+ 20. Qe2 Qxe2+ 21.
Kxe2 Rc8 22. Rbc1 Ke7 23. Kf3 Rc3+ 24. Kg4 Rhc8 25. a4 Rxc2 26. Rxc2 Rxc2 27. g3
Rc3 28. Rb1 f5+ 29. Kh4 Kf6 30. b4 g5+ 31. Kh5 Rc8  0-1

[Event "British Chess Championships 2023: "]
[Site "The Venue, De Montfort University, 20 Western Boulevard, Leicester, LE2 7BU"]
[Date "2023.07.21"]
[Round "1"]
[Board "15"]
[White "Kent, Rowan"]
[Black "Segat, Davide"]
[Result "1/2-1/2"]
[WhiteElo "1650"]
[BlackElo "1525"]
[PlyCount "46"]
[EventDate "2023.07.21"]
[EventRounds "5"]
[EventCountry "ENG"]

1. e4 e6 2. d4 d5 3. e5 c5 4. c3 Nc6 5. Nf3 Qb6 6. Be2 cxd4 7. cxd4 Nh6 8. Nc3 Nf5
9. Bb5 Bd7 10. Bxc6 Bxc6 11. a3 Be7 12. b4 Rc8 13. O-O O-O 14. g4 Nh4 15. Nxh4 Bxh4
16. f4 f6 17. Be3 fxe5 18. fxe5 Rxf1+ 19. Qxf1 Bd7 20. Qd3 Qd8 21. Rf1 Qe7 22. Ne2
Rf8 23. Rxf8+ Qxf8  1/2-1/2

[Event "British Chess Championships 2023: "]
[Site "The Venue, De Montfort University, 20 Western Boulevard, Leicester, LE2 7BU"]
[Date "2023.07.21"]
[Round "1"]
[Board "16"]
[White "Lightfoot, David"]
[Black "Williams, Stephen"]
[Result "0-1"]
[WhiteElo "1523"]
[BlackElo "1646"]
[PlyCount "50"]
[EventDate "2023.07.21"]
[EventRounds "5"]
[EventCountry "ENG"]

1. d4 Nf6 2. c4 g6 3. Nf3 Bg7 4. Bg5 d6 5. h3 O-O 6. Nc3 Nbd7 7. e4 c5 8. e5 cxd4
9. Qxd4 Nxe5 10. Nxe5 Nd7 11. Be2 Nxe5 12. Qh4 Re8 13. O-O Be6 14. Rad1 Rc8 15. b4
Nxc4 16. Nb5 a6 17. Nd4 Bd7 18. Rfe1 f6 19. Bh6 Ne5 20. Bxg7 Kxg7 21. f4 Nc6 22.
g4 Qb6 23. g5 Nxd4 24. Qh6+ Kg8 25. Kh2 Nf5  0-1

[Event "British Chess Championships 2023: "]
[Site "The Venue, De Montfort University, 20 Western Boulevard, Leicester, LE2 7BU"]
[Date "2023.07.21"]
[Round "1"]
[Board "17"]
[White "Woodhouse, Byron"]
[Black "Mccormick, Graeme S"]
[Result "1-0"]
[WhiteElo "1637"]
[BlackElo "1523"]
[PlyCount "59"]
[EventDate "2023.07.21"]
[EventRounds "5"]
[EventCountry "ENG"]

1. h3 e5 2. a3 Nc6 3. e3 d5 4. d4 exd4 5. exd4 Nf6 6. Nf3 Bd6 7. c4 Be6 8. Qc2 Qd7
9. Be3 O-O 10. Nbd2 Rfe8 11. Bd3 h6 12. O-O dxc4 13. Nxc4 Bxh3 14. gxh3 Qxh3 15.
Nxd6 Qxf3 16. Be2 Qh3 17. Qf5 Rxe3 18. fxe3 Qg3+ 19. Kh1 Qxd6 20. Rad1 Re8 21. Rf3
Re4 22. Qc8+ Nd8 23. Rh3 Re8 24. Rg1 Ne4 25. Rg2 Ng5 26. Rhg3 Qc6 27. Qf5 Rxe3 28.
Rxe3 Qc1+ 29. Bf1 Qxe3 30. Re2  1-0

[Event "British Chess Championships 2023: "]
[Site "The Venue, De Montfort University, 20 Western Boulevard, Leicester, LE2 7BU"]
[Date "2023.07.21"]
[Round "1"]
[Board "18"]
[White "White, Nicholas E"]
[Black "Railwani, Tavish"]
[Result "0-1"]
[WhiteElo "1511"]
[BlackElo "1636"]
[PlyCount "88"]
[EventDate "2023.07.21"]
[EventRounds "5"]
[EventCountry "ENG"]

1. d4 Nf6 2. Nc3 e6 3. Bf4 Bb4 4. e3 Ne4 5. Nge2 Nxc3 6. Nxc3 Bxc3+ 7. bxc3 c5 8.
e4 d5 9. Qg4 O-O 10. e5 f6 11. Rd1 Qe7 12. Qg3 Nc6 13. Bb5 cxd4 14. Bxc6 bxc6 15.
cxd4 Ba6 16. h4 Qb4+ 17. c3 Qb2 18. Qe3 Qc2 19. Rd2 Qf5 20. Rh3 Rab8 21. exf6 Rb1+
22. Rd1 Rxf6 23. Rxb1 Qxb1+ 24. Kd2 Qxa2+ 25. Kc1 Qa3+ 26. Kc2 Bc4 27. Kd1 Bb3+ 28.
Ke2 Qb2+ 29. Kf3 Rg6 30. g3 Bc2 31. Bg5 Be4+ 32. Kg4 Bf5+ 33. Kf3 Bxh3 34. h5 Rxg5
35. Qxg5 Qxc3+ 36. Ke2 Qc2+ 37. Ke1 Qe4+ 38. Kd2 Qxd4+ 39. Ke1 Qf6 40. Qc1 Qe5+ 41.
Kd2 Qg5+ 42. f4 Qxg3 43. Qxc6 Qxf4+ 44. Ke1 Qf8  0-1

[Event "British Chess Championships 2023: "]
[Site "The Venue, De Montfort University, 20 Western Boulevard, Leicester, LE2 7BU"]
[Date "2023.07.21"]
[Round "1"]
[Board "19"]
[White "Welson, Aaron"]
[Black "Collins, Nigel"]
[Result "0-1"]
[WhiteElo "1636"]
[BlackElo "1496"]
[PlyCount "120"]
[EventDate "2023.07.21"]
[EventRounds "5"]
[EventCountry "ENG"]

1. e4 c5 2. Nf3 d6 3. Bb5+ Nd7 4. O-O a6 5. Bxd7+ Qxd7 6. Re1 g6 7. c3 Bg7 8. d4
e6 9. dxc5 dxc5 10. Qxd7+ Bxd7 11. e5 h6 12. a4 Ne7 13. Na3 O-O 14. Nc4 Nd5 15. a5
Rab8 16. Be3 Nxe3 17. Rxe3 Rfd8 18. Rd1 Bc6 19. Rxd8+ Rxd8 20. Kf1 Bb5 21. b3 Bxc4+
22. bxc4 Bf8 23. Ke2 Be7 24. Rd3 Rxd3 25. Kxd3 Bd8 26. Nd2 Bxa5 27. Ne4 Bb6 28. f4
Ba7 29. Nd6 Kf8 30. Nxb7 Bb6 31. Nd6 a5 32. Kc2 Kg7 33. h4 f5 34. Kb3 g5 35. g3 gxh4
36. gxh4 Bd8 37. h5 Bh4 38. Nb7 Bf2 39. Nxa5 Kf7 40. Nb7 Be3 41. Kc2 Bxf4 42. Kd3
Bxe5 43. Nxc5 Bd6 44. Nd7 Ke7 45. Nb6 e5 46. Nd5+ Ke6 47. Ke3 Bc5+ 48. Kf3 Bd6 49.
Ke3 Bc5+ 50. Kf3 Bd6 51. Nb4 Bc5 52. Nc2 Kf6 53. Ne1 Kg5 54. Ng2 Kxh5 55. Ne3 Kg5
56. Nd1 e4+ 57. Ke2 f4 58. Nf2 Bxf2 59. Kxf2 Kf5 60. Kg2 Ke5  0-1

[Event "British Chess Championships 2023: "]
[Site "The Venue, De Montfort University, 20 Western Boulevard, Leicester, LE2 7BU"]
[Date "2023.07.21"]
[Round "1"]
[Board "20"]
[White "Agnihotri, Akaash"]
[Black "Watkinson, Phil K"]
[Result "1-0"]
[WhiteElo "1493"]
[BlackElo "1633"]
[PlyCount "81"]
[EventDate "2023.07.21"]
[EventRounds "5"]
[EventCountry "ENG"]

1. e4 e5 2. Nf3 Nc6 3. Bc4 Nf6 4. Ng5 d5 5. exd5 Na5 6. Bb5+ c6 7. dxc6 bxc6 8. Qf3
h6 9. Ne4 Nd5 10. Ba4 Be7 11. O-O O-O 12. d3 f5 13. Ng3 Be6 14. a3 Qd7 15. c4 Nf6
16. b4 e4 17. dxe4 fxe4 18. Nxe4 Ng4 19. Qc3 Qc7 20. Qg3 Qxg3 21. hxg3 Nxc4 22. Bxc6
Rad8 23. Nbd2 Nce5 24. Bb5 Nf6 25. Bb2 Nfd7 26. Bd4 Ra8 27. f4 a6 28. Ba4 Ng6 29.
f5 Rxf5 30. Rfe1 Nge5 31. Bxd7 Bxd7 32. Nc5 Bxc5 33. bxc5 Nd3 34. Re3 Nxc5 35. Re7
Rd8 36. Rxg7+ Kf8 37. Rh7 Ne6 38. Bc3 Rh5 39. Rf1+ Ke8 40. Rh8+ Ke7 41. Bf6+  1-0

[Event "British Chess Championships 2023: "]
[Site "The Venue, De Montfort University, 20 Western Boulevard, Leicester, LE2 7BU"]
[Date "2023.07.21"]
[Round "1"]
[Board "21"]
[White "Riggs, Samuel"]
[Black "Fleischer, Jeff H"]
[Result "1-0"]
[WhiteElo "1630"]
[BlackElo "1481"]
[PlyCount "119"]
[EventDate "2023.07.21"]
[EventRounds "5"]
[EventCountry "ENG"]

1. e4 e6 2. d4 d5 3. Nd2 Nf6 4. e5 Nfd7 5. c3 c5 6. f4 Nc6 7. Ndf3 f5 8. Bd3 Be7
9. Ne2 cxd4 10. cxd4 Nb6 11. a3 Bd7 12. O-O a5 13. b3 O-O 14. Kh1 Be8 15. Rg1 Bg6
16. g4 Qe8 17. gxf5 exf5 18. Ng5 Bxg5 19. Rxg5 Nd8 20. Qf1 Ne6 21. Rg3 Qf7 22. Be3
Rac8 23. Rg1 Nd7 24. Qh3 Rc7 25. Rac1 Rfc8 26. Rxc7 Rxc7 27. Rc1 Rxc1+ 28. Bxc1 Nb8
29. Bb5 Bh5 30. Qc3 Qc7 31. Be3 Bf3+ 32. Kg1 h6 33. Qxc7 Nxc7 34. Nc3 Nxb5 35. Nxb5
Nd7 36. Nd6 b6 37. Nxf5 Kf7 38. Nd6+ Ke6 39. Bf2 Bd1 40. b4 axb4 41. axb4 Ba4 42.
Bh4 Nf8 43. f5+ Kd7 44. Kf2 Bc2 45. Ke3 Bd1 46. f6 gxf6 47. Bxf6 Ne6 48. Bh4 Ba4
49. Bf2 Nc7 50. Kf4 Bd1 51. Kf5 Bc2+ 52. Kf6 Ne8+ 53. Nxe8 Kxe8 54. Ke6 Bb3 55. Kd6
b5 56. Bh4 Ba2 57. Kc5 Bc4 58. e6 h5 59. Kc6 Kf8 60. Kd7  1-0

[Event "British Chess Championships 2023: "]
[Site "The Venue, De Montfort University, 20 Western Boulevard, Leicester, LE2 7BU"]
[Date "2023.07.21"]
[Round "1"]
[Board "22"]
[White "Belur, Ankita"]
[Black "Woolf, Ben"]
[Result "1/2-1/2"]
[WhiteElo "1479"]
[BlackElo "1630"]
[PlyCount "111"]
[EventDate "2023.07.21"]
[EventRounds "5"]
[EventCountry "ENG"]

1. c4 c5 2. Nc3 Nc6 3. Nf3 g6 4. g3 Bg7 5. Bg2 Nf6 6. O-O O-O 7. Rb1 d6 8. d3 Rb8
9. b3 a6 10. Bb2 Bd7 11. Re1 b5 12. Nd2 Qc8 13. Nce4 Nxe4 14. Nxe4 Bxb2 15. Rxb2
bxc4 16. dxc4 Ne5 17. Qd2 Bf5 18. Nc3 Be6 19. Nd5 Bxd5 20. Bxd5 Qc7 21. Qc3 Rb6 22.
Rd2 Rfb8 23. Bf3 Rb4 24. Red1 a5 25. Rb1 Nxc4 26. Rdd1 Na3 27. Rbc1 Nb5 28. Qd2 Nd4
29. Bd5 Ne6 30. Qe3 Qd7 31. Bxe6 Qxe6 32. Qf3 a4 33. bxa4 Rxa4 34. a3 Rb3 35. Qc6
Rbxa3 36. Rb1 Ra8 37. Rd3 Ra2 38. Re3 Qf5 39. Rf1 Kf8 40. Qb7 R2a7 41. Qb3 Qh3 42.
Rf3 e6 43. Qc3 Qh6 44. Qh8+ Ke7 45. Qf6+ Ke8 46. Rd1 Qf8 47. Rfd3 d5 48. Re3 d4 49.
Red3 Ra1 50. Qf3 Rxd1+ 51. Rxd1 Rc8 52. Qb7 Rd8 53. Qc6+ Rd7 54. Qc8+ Ke7 55. Qxc5+
Ke8 56. Qc8+  1/2-1/2

[Event "British Chess Championships 2023: "]
[Site "The Venue, De Montfort University, 20 Western Boulevard, Leicester, LE2 7BU"]
[Date "2023.07.21"]
[Round "1"]
[Board "23"]
[White "Veeturi, Yashvardhan"]
[Black "Brown, Chris"]
[Result "1-0"]
[WhiteElo "1628"]
[BlackElo "1477"]
[PlyCount "67"]
[EventDate "2023.07.21"]
[EventRounds "5"]
[EventCountry "ENG"]

1. e4 e5 2. Nf3 Nc6 3. d4 exd4 4. Nxd4 Bc5 5. Nb3 Bb6 6. Nc3 d6 7. Qe2 Nge7 8. Be3
Bxe3 9. Qxe3 O-O 10. O-O-O a5 11. a3 Ne5 12. f4 N5c6 13. h4 Be6 14. Nd4 Nxd4 15.
Rxd4 c5 16. Rd2 Qb6 17. f5 Bd7 18. f6 Ng6 19. fxg7 Rfe8 20. h5 Ne5 21. h6 Be6 22.
Be2 Nc4 23. Bxc4 Bxc4 24. Rhd1 Rad8 25. Qf4 Be6 26. Rxd6 Rxd6 27. Qxd6 Qxd6 28. Rxd6
f5 29. Nd5 Bxd5 30. exd5 Kf7 31. Rd7+ Kg6 32. Rxb7 Kxh6 33. Rf7 Rg8 34. d6  1-0

[Event "British Chess Championships 2023: "]
[Site "The Venue, De Montfort University, 20 Western Boulevard, Leicester, LE2 7BU"]
[Date "2023.07.21"]
[Round "1"]
[Board "24"]
[White "Gupta, Leonardo"]
[Black "Hayes, Solomon"]
[Result "1/2-1/2"]
[WhiteElo "1474"]
[BlackElo "1613"]
[PlyCount "121"]
[EventDate "2023.07.21"]
[EventRounds "5"]
[EventCountry "ENG"]

1. e4 c5 2. Nc3 Nc6 3. f4 g6 4. Nf3 Bg7 5. Bc4 e6 6. d3 Nge7 7. O-O Na5 8. Bb3 Nxb3
9. axb3 d5 10. Qe1 d4 11. Ne2 O-O 12. Ng3 b6 13. e5 Bb7 14. Ne4 Bxe4 15. Qxe4 Qd5
16. Qe2 a5 17. Bd2 Ra7 18. Ng5 Rfa8 19. Ne4 a4 20. bxa4 Rxa4 21. Rxa4 Rxa4 22. Qf2
Ra2 23. g4 Qd8 24. Qh4 Qf8 25. f5 exf5 26. Nf6+ Bxf6 27. exf6 Nd5 28. gxf5 Ne3 29.
fxg6 hxg6 30. Bxe3 dxe3 31. Re1 Qd6 32. Rxe3 Qd4 33. Qxd4 cxd4 34. Re2 Rxb2 35. Kf1
g5 36. Ke1 Kh7 37. Kd2 Kg6 38. Rf2 b5 39. Kc1 Ra2 40. Kb1 Ra6 41. Kb2 Rxf6 42. Re2
Re6 43. Rg2 f5 44. c3 dxc3+ 45. Kxc3 Re3 46. Rd2 f4 47. Kb4 Re5 48. Kc3 Rd5 49. d4
Kf5 50. Kd3 g4 51. Rb2 g3 52. hxg3 fxg3 53. Ke3 Kg4 54. Ke4 Rg5 55. d5 Kh3 56. Rxb5
g2 57. Rb1 Rg4+ 58. Ke5 Rb4 59. Rg1 Kh2 60. Rxg2+ Kxg2 61. d6  1/2-1/2